The life of Pasteur (Record no. 776)

000 -LEADER
fixed length control field 00399nam a2200145 4500
008 - FIXED-LENGTH DATA ELEMENTS--GENERAL INFORMATION
fixed length control field 191218b ||||| |||| 00| 0 eng d
041 0# - LANGUAGE CODE
Language code of text/sound track or separate title eng
082 00 - DEWEY DECIMAL CLASSIFICATION NUMBER
Classification number 610.92
Item number V184
100 ## - MAIN ENTRY--PERSONAL NAME
9 (RLIN) 300
Personal name Vallery-Radot, Rene
245 10 - TITLE STATEMENT
Title The life of Pasteur
260 ## - PUBLICATION, DISTRIBUTION, ETC. (IMPRINT)
Place of publication, distribution, etc London:
Name of publisher, distributor, etc Constable & company ltd,
Date of publication, distribution, etc 1948.
300 ## - PHYSICAL DESCRIPTION
Extent xxi, 484 p.
650 #0 - SUBJECT ADDED ENTRY--TOPICAL TERM
Topical term or geographic name as entry element Biography of Pasteur
942 ## - ADDED ENTRY ELEMENTS (KOHA)
Source of classification or shelving scheme
Item type Books
Holdings
Withdrawn status Lost status Source of classification or shelving scheme Damaged status Not for loan Permanent location Current location Date acquired Full call number Barcode Date last seen Koha item type
          IMU Kolkata IMU Kolkata 1952-10-10 610.92 V184 00258 2019-12-18 Books
          IMU Kolkata IMU Kolkata 1952-10-10 610.92 V184 00259 2019-12-18 Books
          IMU Kolkata IMU Kolkata 1952-10-10 610.92 V184 00260 2019-12-18 Books
Designed and Maintained by IMU-KC Library, Kolkata Campus © Copyright All Rights Reserved

webs counters

Powered by Koha